| 000 | 01066nam0a22002171i 4500 | ||
|---|---|---|---|
| 001 | rc\452406 | ||
| 005 | 20240726014042.0 | ||
| 035 | _a(NLR Aleph) 005697298 | ||
| 090 |
_a7239924 _c7239924 |
||
| 100 | _a20030616d1987 u |0rusy50 ca | ||
| 101 | 0 | _arus | |
| 102 | _aRU | ||
| 105 | _ay ||||||||| | ||
| 200 | 1 |
_aПроблемы усиления воздействия оптовой торговли на производство товаров народного потребления и улучшения снабжения ими розничной сети _e(На материалах гос. оптовой торговли текстил. изделиями МССР) _eАвтореф. дис. на соиск. учен. степ. канд. экон. наук _e(08.00.25) _fМоск. ин-т нар. хоз-ва им. Г.В. Плеханова |
|
| 210 |
_aМ. _d1987 |
||
| 215 | _a17 с. | ||
| 700 | 1 |
_aШавга _bЛ.А. _gЛариса Афанасьевна |
|
| 801 | 0 |
_aRU _bNLR _gpsbo |
|
| 801 | 1 |
_aRU _bELAR _2rusmarc |
|
| 852 |
_aNLR _jА87/11932 |
||
| 942 | _cBOOK | ||